000 00588nam a2200193 ar4500
001 1156
005 20221127090141.0
008 090222s xxua 0011p|eng d
020 _a0061139742(hpb) :
_cSR165.00
082 0 4 _a811.54
_bG435 2006
100 1 _aGinsberg, Allen.
245 1 0 _aCollected poems, 1947-1997 /
_cAllen Ginsberg.
250 _a1st ed.
260 _aNew York :
_bHarperCollins,
_c2006.
300 _axx, 1189 p. :
_bill. ;
_c23 cm.
500 _aIncludes index.
650 4 _aAmerican poetry
_y20th century
_vCollections.
650 4 _aAmerican literature
_y20th century.
999 _c1155
_d1155